| 000 | 00740nam a22002057a 4500 | ||
|---|---|---|---|
| 999 |
_c8143 _d8143 |
||
| 003 | AR-CdUCM | ||
| 008 | 190322b ||||| |||| 00| 0 spa d | ||
| 040 |
_aMUNICIPALIDAD PROVINCIAL DEL CUSCO _cBIBLIOTECA MUNICIPAL DEL CUSCO |
||
| 082 |
_a550 / _bL17 |
||
| 100 |
_aLahee, Frederic H. _922983 |
||
| 245 | _aGeología práctica / | ||
| 260 |
_aBarcelona : _bOmega, _c1975. |
||
| 300 |
_a873 paginas ; _c22 cm. |
||
| 505 | _aContenido :Definiciones generales -- Uso de los cuadros -- Descripción del color de las rocas -- Matices mas claros y blanco -- Superficie lisa y pulimento ... | ||
| 650 |
_aGeología _917044 |
||
| 650 |
_aRocas _922984 |
||
| 700 |
_aCandel Vila, Rafael (traductor) _922985 |
||
| 942 |
_2ddc _cLIBROS |
||
| 945 | _arum | ||